000 00707 a2200205 4500
001 3834
005 20260407155430.0
008 260407a1997 arg spa d
003 AR-UNSa-BCEJYS
040 _aAR-UNSa-BCEJYS
_bspa
_cAR-UNSa-BCEJYS
080 _a(038)658.15
_xDiccionario de Administración Financiera
245 1 0 _aDiccionario de terminología financiera
020 _a987-500-012-4
264 1 _aBuenos Aires :
_bADEBA
_c1997
300 _a317 p.
_c23 cm.
942 _cBK
590 _aniveau_biblio:m niveau_hierar:0
100 1 _aMarcuse, Robert
856 4 1 _uhttps://t1.gstatic.com/images?q=tbn:ANd9GcSaqtq0TsyoZXSwIj1k73P3GKkFiL4HQJq3etiit4bOU890ET30wDO5CdQ
_yImagen de portada
_qimage/jpeg
999 _c368
_d368